1323 1856 1512 1025 1018 1521 1857 1174 1651 1646 1796 1598 1262 1089 1743 1496 1301 1076 1875 1823 1158 1824 1880 1528 1990 1146 1351 1777 1215 1782 1680 1023 1630 1795 1202 1398 1961 1375 1219 1370 1077 1995 1261 1042 1639 1434 1102 1299 1557 1236 1711 1119 1856 1511 1397 1284 1398 1904 1051 1135 1770 1007 1026 1604 1400 1342 1474 1782 1956 1404 1174 1828 1968 1232 1678 1708 1937 1320 1021 1546 1765 1532 1350 1569 1607 1659 1662 1355 1218 1647 1955 1344 1070 1855 1588 1514 1289 1593 1360 BCNSPRNW ULIB Ver.6.0+V

เปลี่ยนเป็นภาษาไทย

Change to English
 แสดงรายละเอียดบรรณานุกรม
  กลับหน้าหลัก

Brief Record : Get Marc (ISO 2709) : E-mail record : QR code < ปิดหน้าต่าง
LEADER : 00000nam 2200000uu 4500
001    13399127426
003     ULIB
008    200520s2562||||th 000 0 tha d
020 ^- ^a9786168253076
050 ^- ^aนว^bพ222ฉ
100 0^ ^aพงศกร จินดาวัฒนะ.
245 10 ^aฉัตรกนก /^cพงศกร.
250 ^- ^aพิมพ์ครั้งที่ 1.
260 ^- ^aกรุงเทพฯ :^bกรู๊ฟ พับลิชชิ่ง,^c2562
300 ^- ^a427 หน้า.
490 1^ ^aคุณหญิงยอดนักสืบ
945    ^p360^l0^i007100
999    ^aประนอม เกษจรัล
รายการนี้ยังไม่มีแท็ก
คุณยังไม่ได้ล็อกอิน คุณสามารถมีกิจกรรมร่วมกับเว็บไซต์ได้ แต่ต้องล็อกอินก่อน ::
  ล็อกอิน

รายการสื่อสารสนเทศ

ลำดับที่ ประเภท เลขเรียก/บาร์โค้ด สถานที่ สถานะ
1. นวนิยาย
นวนิยาย
นว พ222ฉ ฉ.1 
  Barcode: 007100
ห้องสมุดวิทยาเขตสวรรค์ประชารักษ์
►หนังสือทั่วไป
บนชั้น

รายการใกล้เคียง
    ผู้แต่ง [พงศกร จินดาวัฒนะ.]

BibComment


ยังไม่เคยถูกคอมเมนท์

คอมเมนท์ทรัพยากรรายการนี้
  คอมเมนท์: ฉัตรกนก พงศกร


 Copyright 2026. Bcnsprnw @Library